[Event "Corsica-chT"]
[Site "Porticcio"]
[Date "2007.03.18"]
[Round "2.1"]
[White "Rossi Agnus, Pascale"]
[Black "Szymanski, Piotr2222"]
[Result "0-1"]
[WhiteElo "1340"]
[BlackElo "1899"]
[PlyCount "40"]
[EventDate "2007.03.07"]
[EventType "team"]
[EventRounds "9"]
[EventCountry "FRA"]
[SourceTitle "CBM 117 Extra"]
[Source "ChessBase"]
[SourceDate "2007.05.09"]
[SourceVersion "1"]
[SourceVersionDate "2007.05.09"]
[SourceQuality "1"]
[WhiteTeam "Echecs Club du Fium'Orbu II"]
[BlackTeam "Vallee du Golo"]
[WhiteTeamCountry "FRA"]
[BlackTeamCountry "FRA"]

1. d4 e5 2. e4 exd4 3. Qxd4 Nc6 4. Qd1 Nf6 5. Nc3 Bb4 6. a3 Bxc3+ 7. bxc3 Nxe4 8. Bd3 Nxc3 9. Qd2 Qe7+ 10. Ne2 Nxe2 11. Bxe2 0-0 12. 0-0 Re8 13. Re1 Qf6 14. c3 d6 15. Bb2 Be6 16. c4 Qg6 17. Bd3 Bf5 18. Re3 Rxe3 19. Qxe3 Bxd3 20. Re1 h6 0-1